| 000 | 01232nam a2200301Ia 4500 | ||
|---|---|---|---|
| 001 | ebr10274571 | ||
| 003 | CaPaEBR | ||
| 006 | m u | ||
| 007 | cr cn||||||||| | ||
| 008 | 910509s1992 nyua sb 001 0 eng d | ||
| 010 | _z 91020437 | ||
| 020 | _z9780198286554 | ||
| 020 | _z0198286554 | ||
| 040 |
_aCaPaEBR _cCaPaEBR |
||
| 035 | _a(OCoLC)646795030 | ||
| 050 | 1 | 4 |
_aHD70.J3 _bO295 1992eb |
| 100 | 1 |
_aOdagiri, Hiroyuki, _d1946- |
|
| 245 | 1 | 0 |
_aGrowth through competition, competition through growth _h[electronic resource] : _bstrategic management and the economy in Japan / _cHiroyuki Odagiri. |
| 260 |
_aNew York, N.Y. : _bClarendon Press, _c1992. |
||
| 300 |
_axiii, 364 p. : _bill. |
||
| 504 | _aIncludes bibliographical references (p. [338]-354) and indexes. | ||
| 533 |
_aElectronic reproduction. _bPalo Alto, Calif. : _cebrary, _d2009. _nAvailable via World Wide Web. _nAccess may be limited to ebrary affiliated libraries. |
||
| 650 | 0 |
_aIndustrial management _zJapan. |
|
| 650 | 0 |
_aCompetition _zJapan. |
|
| 655 | 7 |
_aElectronic books. _2local |
|
| 710 | 2 | _aebrary, Inc. | |
| 856 | 4 | 0 |
_uhttp://site.ebrary.com/lib/rucke/Doc?id=10274571 _zAn electronic book accessible through the World Wide Web; click to view |
| 999 |
_c6509 _d6509 |
||